00625cam a22002051 450000100060000000300080000600500170001400800390003103500190007003500180008904000410010704100080014808200150015610000310017124500590020226000520026130000260031350400500033970000300038919615BD-RjUL20211209000444.0140225s1966 nbu b 001 0 eng a(BD-RjUL)19675 a(OCoLC)354955 aDLCcODaWUdOCoLCdDLCdBD-RjULbeng aeng a822.5bCOC1 aCibber, Colleyd1671-1757.14aThe careless husband /cEdited by William W. Appleton. aLincoln :bUniversity of Nebraska Press,c1966. axvi, 135 p. ;c21 cm. aIncludes Bibliographical footnotes and index.1 aAppleton, William Worthen